000
00291nam a2200109Ia 4500
008
171211s9999 xx 000 0 und d
245
_a
Adaptive Web Design
245
_c
Aaron Gustafson
260
_c
2011
650
_x
Web Development
856
_u
http://down.ebook777.com/007/0134216148.pdf
999
_c
350105
_d
350105